A Text Book of Sanitary Engineering (Record no. 548132)

000 -LEADER
fixed length control field 00317nam a22001217a 4500
082 ## - DEWEY DECIMAL CLASSIFICATION NUMBER
Classification number 628.742
Author Mark SAD
-- L-23, P-2
100 ## - MAIN ENTRY--PERSONAL NAME
Personal name Sadarangani V.H
9 (RLIN) 44248
245 ## - TITLE STATEMENT
Title A Text Book of Sanitary Engineering
260 ## - PUBLICATION, DISTRIBUTION, ETC.
Place of publication, distribution, etc. Madras
300 ## - PHYSICAL DESCRIPTION
Extent 174 p
Other physical details ill
Dimensions 15cm
526 ## - STUDY PROGRAM INFORMATION NOTE
Program name 0
Interest level 0
Reading level 0
Title point value 628_742000000000000_SAD
942 ## - ADDED ENTRY ELEMENTS (KOHA)
Source of classification or shelving scheme
Koha item type Book
Holdings
Withdrawn status Lost status Source of classification or shelving scheme Damaged status Not for loan Permanent Location Current Location Date acquired Total Checkouts Full call number Barcode Date last seen Price effective from Koha item type
          Military College of Engineering (MCE) Military College of Engineering (MCE) 08/21/2014   628.742 SAD MCE-534 08/21/2014 08/21/2014 Book
© 2023 Central Library, National University of Sciences and Technology. All Rights Reserved.